Ehe und Hochzeit in vorpommerschen Städten im Spiegel von Justizakten des 16. und 17.Jahrhunderts

Bibliographische Detailangaben
Veröffentlicht in:Tisch und Bett. - Frankfurt am Main [u.a.] : Lang, 1998. - 19(1998), Seite 59-79
1. Verfasser: Langer, Herbert (VerfasserIn)
Format: Aufsatz
Sprache:German
Veröffentlicht: 1998
Zugriff auf das übergeordnete Werk:Tisch und Bett
Umfang:S. 59-79
LEADER 01000caa a2200265 c 4500
001 253194202
003 DE-627
005 20250614213941.0
007 tu
008 990111s1998 gw ||||| 00| ||ger c
035 |a (DE-627)253194202 
035 |a (DE-599)GBV253194202 
040 |a DE-627  |b ger  |c DE-627  |e rakwb 
041 |a ger 
044 |c XA-DE 
100 1 |a Langer, Herbert  |e verfasserin  |4 aut 
245 1 0 |a Ehe und Hochzeit in vorpommerschen Städten im Spiegel von Justizakten des 16. und 17.Jahrhunderts  |c Herbert Langer 
264 1 |c 1998 
300 |a S. 59-79 
336 |a Text  |b txt  |2 rdacontent 
337 |a ohne Hilfsmittel zu benutzen  |b n  |2 rdamedia 
338 |a Band  |b nc  |2 rdacarrier 
773 0 8 |i In  |t Tisch und Bett  |d Frankfurt am Main [u.a.] : Lang, 1998  |g 19(1998), Seite 59-79  |h 339 S.  |w (DE-627)242306713  |w (DE-576)069177759  |z 3631314523  |7 nnam 
773 1 8 |g volume:19  |g year:1998  |g pages:59-79 
912 |a GBV_USEFLAG_U 
912 |a GBV_ILN_21 
912 |a ISIL_DE-46 
912 |a SYSFLAG_1 
912 |a GBV_KXP 
912 |a GBV_ILN_11 
912 |a GBV_ILN_22 
912 |a GBV_ILN_24 
912 |a GBV_ILN_31 
912 |a GBV_ILN_39 
912 |a GBV_ILN_40 
912 |a GBV_ILN_62 
912 |a GBV_ILN_65 
912 |a GBV_ILN_69 
912 |a GBV_ILN_70 
912 |a GBV_ILN_72 
912 |a GBV_ILN_92 
912 |a GBV_ILN_100 
912 |a GBV_ILN_104 
912 |a GBV_ILN_163 
912 |a GBV_ILN_181 
912 |a GBV_ILN_350 
912 |a GBV_ILN_655 
912 |a GBV_ILN_2001 
912 |a GBV_ILN_2003 
912 |a GBV_ILN_2005 
912 |a GBV_ILN_2006 
912 |a GBV_ILN_2008 
912 |a GBV_ILN_2011 
912 |a GBV_ILN_2012 
912 |a GBV_ILN_2016 
912 |a GBV_ILN_2046 
912 |a GBV_ILN_2453 
912 |a GBV_ILN_2570 
912 |a GBV_ILN_92 
912 |a ISIL_DE-33 
935 |a LBGMV 
951 |a AR 
952 |d 19  |j 1998  |h 59-79 
980 |2 21  |1 01  |x 0046  |b 1338929313  |y xza  |z 13-11-12 
980 |2 92  |1 01  |x 0033  |b 316065765  |y zg  |z 11-01-99 
982 |2 92  |1 00  |x DE-33  |8 20  |s s  |0 (DE-627)248065351  |a Hochzeit 
982 |2 92  |1 00  |x DE-33  |8 22  |s g  |0 (DE-627)270056068  |a Vorpommern 
982 |2 92  |1 00  |x DE-33  |8 30  |s g  |0 (DE-627)270055541  |a Vorpommern 
982 |2 92  |1 00  |x DE-33  |8 31  |s g  |0 (DE-627)270055894  |a Vorpommern 
983 |2 92  |1 00  |x DE-33  |8 20  |0 (DE-627)231136110  |a 10.6.4.3.  |b Familienfeste 
983 |2 92  |1 00  |x DE-33  |8 21  |0 (DE-627)231060688  |a 7.2.3.  |b Rechtsgeschichte